000 00816nab a22002417a 4500
001 10540
003 HDC
007 cr bn ---aaaaa
008 210128c99999999my ||||o |||| 00| 00eng d
040 _aHDC
100 _aSonia Ramachandran,
_eauthor
_910844
245 0 _aWhat about 'beef-free' labels for Buddhists and Hindus? /
_cSonia Ramachandran
336 _atext
_2rdacontent
337 _acomputer
_2rdamedia
338 _aonline resource
_2rdacarrier
650 _aFood
_xReligious aspect
_xIslam
_97432
650 _aHalal food industry
_9128
710 _aThe Ant Daily
856 _zRequest full-text at [email protected]
942 _2lcc
942 _cNEWS
942 _kNWSO 001423
999 _c7863
_d7863